000 005010000a22001810004500
020 _a0-311-17032-3
041 0 _aSPA
082 0 4 _aG 261.3 G1959i
100 1 _aGandini, Alberto Daniel
245 1 0 _aLa iglesia como comunidad sanadora / Alberto Daniel Gandini
260 _aEl Paso, TX., USA : Casa Bautista de Publicaciones
300 _a95 Pag
001 6789
942 _cBK
999 _c37049
_d37049
336 _atexto
_btxt
_2rdacontent
337 _2rdamedia
_asin mediación
_bn
338 _2rdacarrier
_avolumen
_bnc